000 01070nam a2200313 i 4500
001 bg
003 BPK
005 20200819131230.0
008 020425s2000 pl a f |001 0 pol
015 _aPB 2002/10447
040 _aWA N
_cBPK
041 0 _apol
_beng
080 _a621.78
080 _a669.1
080 _a546.1/.2
100 1 _aPrzybyłowicz, Karol
_d(1930- )
_eAutor
245 1 0 _aTeoria i praktyka borowania stali /
_cKarol Przybyłowicz.
260 _aKielce :
_bPŚ,
_c2000.
300 _a247 s., [2] s. tabl. :
_bil. (w tym kolor.) ;
_c24 cm.
490 1 _aMonografie, Studia, Rozprawy / Politechnika Świętokrzyska ;
_v27.
500 _aNa s. tyt. i okł. zbędny i błędny ISSN.
504 _aBibliogr. Indeks.
546 _aStreszcz. ang.
650 4 _aNaborowywanie.
650 4 _aStal
_xtechnologia.
830 0 _aMonografie, Studia, Rozprawy - Politechnika Świętokrzyska,
_v27.
942 _2UKD
_cKS
856 _uhttp://koha.tu.koszalin.pl/cgi-bin/koha/opac-detail.pl?biblionumber=40245
_yKatalog online BPK
999 _c40245
_d40245